| 000 | 00750nas a2200253 4500 | ||
|---|---|---|---|
| 001 | BR8707852 | ||
| 003 | BR-BrBNA | ||
| 005 | 20231205090943.0 | ||
| 007 | ta | ||
| 008 | 230509b bl.|||p| |||| 00| 00por d | ||
| 040 |
_aBR-BrBNA _bpor _cBiblioteca Nacional de Agricultura |
||
| 041 | _a(En) | ||
| 072 | _aH20; H10 | ||
| 100 | 1 | _aHuang, S.P. | |
| 100 | 1 | _aMiranda, J.E.C. | |
| 100 | 1 | _aMaluf, W.R. | |
| 245 | 1 | _aResistance root-knot nematodes in a brazilian sweet potato collection | |
| 650 | _aBATATA DOCE | ||
| 650 | _aNEMATOIDE | ||
| 650 | _aMELOIDOGINOSE | ||
| 773 | 0 |
_tFitopatologia Brasileira (Brazil) _xISSN 0100-4158 _g(Dec 1986), v. 11(4) p. 761-767 _wBR8707852 |
|
| 909 |
_a202311 _bLúcia _c55 _dLúcia Elande |
||
| 942 |
_2AGRIS _n0 _cANA |
||
| 999 |
_c121856 _d121856 |
||